[Event "FRA-ch U08 Girls"]
[Site "Hyeres"]
[Date "2002.??.??"]
[Round "1.2"]
[White "Boulay, Clemantine"]
[Black "Thaly, Torrente"]
[Result "0-1"]
[WhiteElo "1009"]
[BlackElo "1240"]
[PlyCount "72"]
[EventDate "2002.04.05"]
[EventType "swiss"]
[EventRounds "9"]
[EventCountry "FRA"]
[SourceTitle "EXT 2003"]
[Source "ChessBase"]
[SourceDate "2002.11.25"]
[SourceVersion "1"]
[SourceVersionDate "2002.11.25"]
[SourceQuality "1"]

1. e4 c5 2. Bc4 e6 3. g3 Nc6 4. Nf3 d6 5. Bf1 Nf6 6. Bg2 Be7 7. 0-0 Bd7 8. Nc3 0-0 9. Nb5 a6 10. Nc3 Re8 11. d3 Ng4 12. Ng5 e5 13. Be3 Bxg5 14. Bxg5 Qxg5 15. Na4 Qh6 16. Re1 Qxh2+ 17. Kf1 Re6 18. Nb6 Rd8 19. Nd5 Nd4 20. Qxg4 Rh6 21. Qg5 Re8 22. c3 Nc2 23. Reb1 Nxa1 24. Ne7+ Kf8 25. Nf5 Rg6 26. Qe3 Ree6 27. Rxa1 Ref6 28. Nd4 exd4 29. cxd4 Bh3 30. Ke2 Qxg2 31. Rf1 Qxf1+ 32. Kd2 Rxf2+ 33. Kc3 Re2 34. Qf4 Qe1+ 35. Kc4 Be6+ 36. d5 Qb4# 0-1